000 00391nam a2200157Ia 4500
008 230917s9999||||xx |||||||||||||| ||und||
040 _e134286
_aMAIN
041 _aEnglish
082 _a005.1 J219 I
100 _aJalote, Pankaj
245 0 _aIntigrated Approach To Software Enginerring
250 _a2nd ed.
260 _aNew Delhi
_bNarosa
_c1999
300 _a497p. p.
942 _cBK
999 _c104114
_d104114